000
00333nam a2200145Ia 4500
008
240830s1901 xx 000 0 und d
041
_a
eng
082
_a
0 NAN
100
_a
NAND - KHAR
245
_a
HOSPITAL AND CLINICAL PHARMACY
260
_b
N.D.
_c
1901
650
_a
RASA-SHASTRA
906
_a
N.D.
999
_c
1198660
_d
1198660